<?xml version="1.0" encoding="UTF-8"?>
<record
    xmlns:xsi="http://www.w3.org/2001/XMLSchema-instance"
    xsi:schemaLocation="http://www.loc.gov/MARC21/slim http://www.loc.gov/standards/marcxml/schema/MARC21slim.xsd"
    xmlns="http://www.loc.gov/MARC21/slim">

  <leader>01003nam a22002057a 4500</leader>
  <controlfield tag="008">160813s2015        gw||||| |||| 00| 0 eng d</controlfield>
  <datafield tag="082" ind1="0" ind2="4">
    <subfield code="a">709.84 </subfield>
    <subfield code="b">C199m</subfield>
  </datafield>
  <datafield tag="100" ind1=" " ind2=" ">
    <subfield code="a">Campuzano de Haverkamp, Paola.</subfield>
    <subfield code="9">5423</subfield>
  </datafield>
  <datafield tag="245" ind1="1" ind2="0">
    <subfield code="a">Made in Bolivia :</subfield>
    <subfield code="b">contemporary art &amp; design vol. II /</subfield>
    <subfield code="c">Paola Campuzano de Haverkamp.</subfield>
  </datafield>
  <datafield tag="250" ind1=" " ind2=" ">
    <subfield code="a">1a ed.</subfield>
  </datafield>
  <datafield tag="260" ind1=" " ind2=" ">
    <subfield code="a">Bolivia :</subfield>
    <subfield code="b">Paola Campuzano de Haverkamp,</subfield>
    <subfield code="c">2015.</subfield>
  </datafield>
  <datafield tag="300" ind1=" " ind2=" ">
    <subfield code="a">254 p.</subfield>
    <subfield code="b">il. col.</subfield>
  </datafield>
  <datafield tag="500" ind1=" " ind2=" ">
    <subfield code="a">Artistas: Alejandra Alarcon, Frank Arbelo, Oscar Barbery Ver, Andres Bedoya, Luciano Calder&#xF3;n, Galo Coca Soto, Alejandra Dorado, Chantal Fischzang, Julio Gonzalez, Douglas Rodrigo Rada, Susana Machicao, Pablo Mi&#xF1;o, Alfredo Rom&#xE1;n, Eduardo Ribera, Marcela Rivera, Raquel Schwartz, Angie Torrico, Daniel Uria, Roberto Unterladstaetter, Roberto Valcarcel y Sergio Vega.</subfield>
  </datafield>
  <datafield tag="653" ind1="1" ind2="0">
    <subfield code="a">Arte contempor&#xE1;neo</subfield>
  </datafield>
  <datafield tag="653" ind1="1" ind2="0">
    <subfield code="a">Dise&#xF1;o gr&#xE1;fico</subfield>
  </datafield>
  <datafield tag="653" ind1="1" ind2="0">
    <subfield code="a">Comunicaci&#xF3;n visual</subfield>
  </datafield>
  <datafield tag="653" ind1="1" ind2="0">
    <subfield code="a">Arte - Bolivia</subfield>
  </datafield>
  <datafield tag="653" ind1="1" ind2="0">
    <subfield code="a">Identidad cultural</subfield>
  </datafield>
  <datafield tag="653" ind1="1" ind2="0">
    <subfield code="a">Cultura urbana</subfield>
  </datafield>
  <datafield tag="999" ind1=" " ind2=" ">
    <subfield code="c">1012</subfield>
    <subfield code="d">1012</subfield>
  </datafield>
  <datafield tag="952" ind1=" " ind2=" ">
    <subfield code="0">0</subfield>
    <subfield code="1">0</subfield>
    <subfield code="2">ddc</subfield>
    <subfield code="4">0</subfield>
    <subfield code="7">0</subfield>
    <subfield code="a">LV</subfield>
    <subfield code="b">LV</subfield>
    <subfield code="c">Colectivas</subfield>
    <subfield code="d">2016-08-13</subfield>
    <subfield code="l">0</subfield>
    <subfield code="o">709.84  C199m</subfield>
    <subfield code="p">004214</subfield>
    <subfield code="r">2016-08-13 00:00:00</subfield>
    <subfield code="w">2016-08-13</subfield>
    <subfield code="y">01</subfield>
  </datafield>
  <datafield tag="952" ind1=" " ind2=" ">
    <subfield code="0">0</subfield>
    <subfield code="1">0</subfield>
    <subfield code="2">ddc</subfield>
    <subfield code="4">0</subfield>
    <subfield code="7">0</subfield>
    <subfield code="a">LV</subfield>
    <subfield code="b">LV</subfield>
    <subfield code="c">Colectivas</subfield>
    <subfield code="d">2017-12-02</subfield>
    <subfield code="l">0</subfield>
    <subfield code="o">709.84  C199m</subfield>
    <subfield code="p">004398</subfield>
    <subfield code="r">2017-12-02 00:00:00</subfield>
    <subfield code="w">2017-12-02</subfield>
    <subfield code="y">01</subfield>
  </datafield>
</record>
